000 00434nam a22001457a 4500
008 170407b xxu||||| |||| 00| p tur d
041 _atur
100 _9592
_aBaki Asiltürk
245 _aYKY Şiir Yıllığı 2006
_cHaz.: Baki Asiltürk
260 _aİstanbul
_bYapı Kredi Yayınları
_cŞubat 2007
300 _a247 sayfa
500 _aKitap-lık dergisinin armağınıdır.
650 0 _9145
_aTürk Edebiyatı
942 _2lcc
_cBK
999 _c1036
_d1014